000 00793nam a2200241 4500
005 20240530111000.0
008 230215s2019 ua g 000 0 ara d
017 _a2019/5919
_bمصر. دار الكتب
020 _a9789778547375
040 _aEG-CaGPL
_cEG-CaGPL
082 0 4 _221
_a814
_bم ع
100 0 _aمحمد بن احمد الرشيد
245 1 0 _aعلمتنى الحياة /
_cمحمد بن احمد الرشيد
250 _aط.1
260 _aالقاهرة :
_bالدار العربية اللبنانية،
_c2019.
300 _a287 ص. ؛
_c24 سم.
490 0 _aالاعمال الكاملة
650 0 7 _2qrmak
_aالادب العربى
650 0 7 _2qrmak
_aالمقالات العربية
651 _2qrmak
942 _2ddc
_cBK
999 _c67169
_d67169